Đến với thơ Quang Dũng

Sparad:
Bibliografiska uppgifter
Huvudupphovsman: Ngô, Viết Dinh
Materialtyp: Bok
Språk:Undetermined
Publicerad: H. Thanh niên 2003
Ämnen:
Länkar:http://lrc.tdmu.edu.vn/opac/search/detail.asp?aID=2&ID=3318
Taggar: Lägg till en tagg
Inga taggar, Lägg till första taggen!
Thư viện lưu trữ: Trung tâm Học liệu Trường Đại học Thủ Dầu Một
LEADER 00712nam a2200193Ia 4500
001 TDMU_3318
008 210410s9999 xx 000 0 und d
082 |a 895.9221009 
090 |b N4993 
100 |a Ngô, Viết Dinh 
245 0 |a Đến với thơ Quang Dũng 
245 0 |c Ngô Viết Dinh (ch. và b.t.) 
260 |a H. 
260 |b Thanh niên 
260 |c 2003 
300 |a 537tr. 
650 |a Quang Dũng  |x Tác phẩm; Thi ca Việt  |x Phê bình; Văn học Việt Nam  |x Thi ca  |x Phê bình; Tác gia văn học  |x Quang Dũng 
856 |u http://lrc.tdmu.edu.vn/opac/search/detail.asp?aID=2&ID=3318 
980 |a Trung tâm Học liệu Trường Đại học Thủ Dầu Một